[Event "IBCA World-chT blind 9th"]
[Site "Ohrid"]
[Date "2022.07.04"]
[Round "7.2"]
[White "Fernandez Lago, David"]
[Black "Atanasov, K Sande"]
[Result "1/2-1/2"]
[WhiteElo "1950"]
[BlackElo "1853"]
[PlyCount "24"]
[EventDate "2022.06.28"]
[EventType "team-swiss"]
[EventRounds "9"]
[EventCountry "MKD"]
[SourceTitle "EXT 2024"]
[Source "ChessBase"]
[SourceDate "2023.10.10"]
[SourceVersion "1"]
[SourceVersionDate "2023.10.10"]
[SourceQuality "1"]
[WhiteTeam "Spain"]
[BlackTeam "Macedonia"]
[WhiteTeamCountry "ESP"]
[BlackTeamCountry "MKD"]

1. e4 c6 2. d4 d5 3. exd5 cxd5 4. Bd3 Nc6 5. c3 Nf6 6. Bf4 Bg4 7. Qb3 Qd7 8. Nd2 e6 9. Ngf3 Be7 10. 0-0 0-0 11. Ne5 Nxe5 12. dxe5 Ne8 1/2-1/2

[Event "IBCA World-chT blind 9th"]
[Site "Ohrid"]
[Date "2022.06.30"]
[Round "3.2"]
[White "Bjelanovic, Mile"]
[Black "Fernandez Lago, David"]
[Result "1-0"]
[WhiteElo "2015"]
[BlackElo "1950"]
[PlyCount "67"]
[EventDate "2022.06.28"]
[EventType "team-swiss"]
[EventRounds "9"]
[EventCountry "MKD"]
[SourceTitle "EXT 2024"]
[Source "ChessBase"]
[SourceDate "2023.10.10"]
[SourceVersion "1"]
[SourceVersionDate "2023.10.10"]
[SourceQuality "1"]
[WhiteTeam "Serbia"]
[BlackTeam "Spain"]
[WhiteTeamCountry "SRB"]
[BlackTeamCountry "ESP"]

1. e4 c5 2. Nf3 d6 3. c3 Nf6 4. h3 Nc6 5. Bd3 e5 6. 0-0 g5 7. Nh2 Rg8 8. Ng4 h5 9. Nxf6+ Qxf6 10. f3 Qh6 11. Bc4 Be7 12. d3 Rg7 13. Be3 Qg6 14. g4 Bd7 15. Na3 0-0-0 16. Kg2 Rh8 17. Bg1 Qh6 18. Kf2 Qf6 19. Ke2 Rgh7 20. Nc2 Be6 21. Ne3 Qf4 22. Bd5 Bd7 23. Nf5 Bxf5 24. gxf5 Qg3 25. Bf2 Qf4 26. Bxc6 bxc6 27. Qa4 Kb7 28. b4 g4 29. Be3 Qh2+ 30. Rf2 gxf3+ 31. Kd2 Qg3 32. bxc5 dxc5 33. Rb1+ Kc7 34. Qxa7+ 1-0

[Event "ESP-ch FEDC 28th"]
[Site "Ubeda"]
[Date "2019.11.25"]
[Round "7"]
[White "Pimienta Sanchez, Manuel"]
[Black "Fernandez Lago, David"]
[Result "0-1"]
[WhiteElo "1768"]
[BlackElo "1906"]
[PlyCount "70"]
[EventDate "2019.11.19"]
[EventType "swiss"]
[EventRounds "8"]
[EventCountry "ESP"]
[SourceTitle "EXT 2024"]
[Source "ChessBase"]
[SourceDate "2023.10.10"]
[SourceVersion "1"]
[SourceVersionDate "2023.10.10"]
[SourceQuality "1"]

1. d4 Nf6 2. e3 e6 3. f4 b6 4. Nf3 Bb7 5. Bd3 c5 6. c3 Ne4 7. 0-0 Be7 8. Nbd2 f5 9. Ne5 0-0 10. Qe2 d6 11. Nef3 Nd7 12. Ba6 Qc8 13. Bxb7 Qxb7 14. Qc4 Rf6 15. Nxe4 fxe4 16. Ng5 d5 17. Qe2 Raf8 18. Bd2 Qc6 19. Rac1 Rf5 20. Nh3 Kh8 21. Kh1 Qc8 22. Rg1 g5 23. c4 Qe8 24. cxd5 exd5 25. dxc5 Nxc5 26. Bc3+ Kg8 27. g4 R5f7 28. Rcf1 Nd3 29. fxg5 Rf3 30. Rxf3 Rxf3 31. Nf4 Nf2+ 32. Kg2 Nxg4 33. Rf1 Nxe3+ 34. Qxe3 Rxe3 35. Nxd5 Rxc3 0-1

[Event "ESP-ch FEDC 28th"]
[Site "Ubeda"]
[Date "2019.11.22"]
[Round "4"]
[White "Fernandez Lago, David"]
[Black "Draghici Flutur, Gavril"]
[Result "0-1"]
[WhiteElo "1906"]
[BlackElo "2110"]
[PlyCount "60"]
[EventDate "2019.11.19"]
[EventType "swiss"]
[EventRounds "8"]
[EventCountry "ESP"]
[SourceTitle "EXT 2024"]
[Source "ChessBase"]
[SourceDate "2023.10.10"]
[SourceVersion "1"]
[SourceVersionDate "2023.10.10"]
[SourceQuality "1"]

1. e4 g6 2. Nc3 c6 3. Bc4 Nf6 4. d3 d5 5. exd5 cxd5 6. Bb3 Bg7 7. Qf3 Bg4 8. Qg3 Be6 9. Bd2 Nc6 10. Nge2 0-0 11. h4 Nh5 12. Qh2 Rc8 13. Rg1 d4 14. Ne4 Bxb3 15. axb3 Ne5 16. Rc1 Rc6 17. Qh3 f5 18. N4g3 Nxg3 19. Qxg3 h5 20. Nf4 Ng4 21. Qf3 Kh7 22. Qd5 Qc8 23. Nh3 e6 24. Ng5+ Kg8 25. Qf3 Rxc2 26. Qd1 Rxc1 27. Bxc1 Qc6 28. Bd2 Ne5 29. Qe2 Qa6 30. Kf1 Re8 0-1

[Event "ESP-ch FEDC 28th"]
[Site "Ubeda"]
[Date "2019.11.19"]
[Round "1"]
[White "Merino Gomez, Aurelio"]
[Black "Fernandez Lago, David"]
[Result "0-1"]
[WhiteElo "1570"]
[BlackElo "1906"]
[PlyCount "108"]
[EventDate "2019.11.19"]
[EventType "swiss"]
[EventRounds "8"]
[EventCountry "ESP"]
[SourceTitle "EXT 2024"]
[Source "ChessBase"]
[SourceDate "2023.10.10"]
[SourceVersion "1"]
[SourceVersionDate "2023.10.10"]
[SourceQuality "1"]

1. Nf3 Nf6 2. g3 g6 3. Bg2 Bg7 4. c4 0-0 5. Nc3 d6 6. d4 Na6 7. 0-0 c5 8. e3 Rb8 9. Re1 Nc7 10. dxc5 dxc5 11. Qc2 Be6 12. b3 Bf5 13. e4 Nxe4 14. Nxe4 Bxa1 15. Bf4 Bg7 16. Qe2 Ne6 17. Bxb8 Qxb8 18. h3 Qc8 19. Kh2 h6 20. Qe3 b6 21. Nc3 Qb8 22. Nd5 Qd6 23. Rd1 Nd4 24. Nxe7+ Kh8 25. Nd5 Be6 26. Nc3 Qb8 27. Ne2 Nxf3+ 28. Qxf3 Rd8 29. Nf4 Bf5 30. Nd5 Qe5 31. h4 h5 32. Qe3 Qxe3 33. fxe3 Re8 34. Bf3 Be6 35. e4 Bg4 36. Kg2 Rxe4 37. Rd3 Rd4 38. Rxd4 Bxd4 39. Nc7 Kg7 40. Nd5 Bf5 41. Bd1 Bb1 42. a4 f5 43. Kf3 Be5 44. Kg2 Kf7 45. Ne3 Be4+ 46. Bf3 Bb1 47. Bd1 Ke6 48. Nd5 Bd6 49. Kf2 Ke5 50. Ke3 Bf8 51. Nf4 Bh6 52. Kf3 Bxf4 53. gxf4+ Kd4 54. Ke2 Kc3 0-1

[Event "ESP-ch FEDC 27th"]
[Site "Almunecar"]
[Date "2018.12.03"]
[Round "8"]
[White "Fernandez Lago, David"]
[Black "Pimienta Sanchez, Manuel"]
[Result "0-1"]
[WhiteElo "1941"]
[BlackElo "1779"]
[PlyCount "50"]
[EventDate "2018.11.26"]
[EventType "swiss"]
[EventRounds "8"]
[EventCountry "ESP"]
[SourceTitle "EXT 2024"]
[Source "ChessBase"]
[SourceDate "2023.10.10"]
[SourceVersion "1"]
[SourceVersionDate "2023.10.10"]
[SourceQuality "1"]

1. e4 d6 2. Nc3 Nf6 3. d4 g6 4. Bg5 Bg7 5. e5 dxe5 6. dxe5 Qxd1+ 7. Rxd1 Nfd7 8. Nd5 Bxe5 9. Nf3 Bd6 10. Bxe7 Bxe7 11. Nxc7+ Kd8 12. Nxa8 b6 13. Ne5 Bb4+ 14. c3 Re8 15. cxb4 Rxe5+ 16. Kd2 Bb7 17. Nxb6 axb6 18. f3 Bd5 19. a3 Be6 20. Rc1 Rd5+ 21. Kc3 Rd6 22. Bb5 Nf6 23. Bc4 Rc6 24. Kb3 Rxc4 25. Rxc4 b5 0-1

[Event "ESP-ch FEDC 26th"]
[Site "Ciudad Real"]
[Date "2017.11.13"]
[Round "2.8"]
[White "Garcia Rodriguez, Florencio"]
[Black "Fernandez Lago, David"]
[Result "0-1"]
[WhiteElo "1747"]
[BlackElo "1946"]
[PlyCount "50"]
[EventDate "2017.11.12"]
[EventType "swiss"]
[EventRounds "8"]
[EventCountry "ESP"]
[SourceTitle "EXT 2024"]
[Source "ChessBase"]
[SourceDate "2023.10.10"]
[SourceVersion "1"]
[SourceVersionDate "2023.10.10"]
[SourceQuality "1"]

1. Nf3 f5 2. e3 Nf6 3. c4 d6 4. d4 g6 5. b4 Bg7 6. Bb2 e5 7. dxe5 Ng4 8. Be2 Nc6 9. h3 Ngxe5 10. Nxe5 Nxe5 11. Qb3 Qe7 12. 0-0 0-0 13. Nd2 Be6 14. Rac1 f4 15. exf4 Rxf4 16. g3 Rff8 17. h4 Bh3 18. Rfe1 Qf7 19. c5 Be6 20. Qe3 Rae8 21. Bxe5 Bxe5 22. Nf3 Bd5 23. Ng5 Qf6 24. cxd6 Bxd6 25. Qd2 Qxf2# 0-1

[Event "Madrid FEDC-ch 25th"]
[Site "Madrid"]
[Date "2016.11.09"]
[Round "4"]
[White "Martinez Morina, Manel"]
[Black "Fernandez Lago, David"]
[Result "0-1"]
[WhiteElo "1696"]
[BlackElo "2011"]
[PlyCount "66"]
[EventDate "2016.11.06"]
[EventType "swiss"]
[EventRounds "8"]
[EventCountry "ESP"]
[SourceTitle "CBM 175 Extra"]
[Source "ChessBase"]
[SourceDate "2016.12.12"]
[SourceVersion "1"]
[SourceVersionDate "2016.12.12"]
[SourceQuality "1"]

1. e4 c5 2. Nf3 e6 3. d4 cxd4 4. Nxd4 Nf6 5. Bd3 Nc6 6. Nxc6 dxc6 7. 0-0 e5 8. Nd2 Bc5 9. h3 0-0 10. Nf3 Qc7 11. Qe2 Nh5 12. Kh1 h6 13. Nh4 Nf6 14. Nf3 Be6 15. b3 Rfe8 16. Bb2 Bd6 17. Rad1 Nd7 18. Bc4 Nf8 19. a4 Ng6 20. Bc1 Rad8 21. Be3 b6 22. Rd2 Qc8 23. Rfd1 Bc7 24. Rxd8 Rxd8 25. Bxe6 Rxd1+ 26. Qxd1 Qxe6 27. Qd3 Qe7 28. g3 Nf8 29. Kg2 Ne6 30. Bd2 Qf6 31. Qd7 Qg6 32. Qd3 Nc5 33. Bc3 Nxd3 0-1

[Event "Madrid FEDC-ch 25th"]
[Site "Madrid"]
[Date "2016.11.06"]
[Round "1"]
[White "Fernandez Lago, David"]
[Black "Sanchez Ruiz, Justo"]
[Result "1-0"]
[WhiteElo "2011"]
[BlackElo "1632"]
[PlyCount "89"]
[EventDate "2016.11.06"]
[EventType "swiss"]
[EventRounds "8"]
[EventCountry "ESP"]
[SourceTitle "CBM 175 Extra"]
[Source "ChessBase"]
[SourceDate "2016.12.12"]
[SourceVersion "1"]
[SourceVersionDate "2016.12.12"]
[SourceQuality "1"]

1. e4 d5 2. exd5 Qxd5 3. Nc3 Qa5 4. Bc4 Nf6 5. d3 c6 6. Nge2 Bg4 7. f3 Bh5 8. Ng3 Bg6 9. Qe2 e6 10. Bd2 Qc7 11. f4 Be7 12. 0-0 0-0 13. Nce4 Nbd7 14. Kh1 Rae8 15. Rae1 b5 16. Bb3 a5 17. a4 b4 18. Qf2 Nxe4 19. dxe4 Bh4 20. Qf3 Bxg3 21. hxg3 h6 22. g4 Nf6 23. f5 exf5 24. exf5 Rxe1 25. Rxe1 Bh7 26. Bf4 Qd7 27. Rd1 Qc8 28. Be5 Nd7 29. Bf4 Re8 30. Bg3 Ne5 31. Qf4 Kh8 32. Re1 f6 33. Be6 Qd8 34. Bh4 Qd6 35. Rxe5 fxe5 36. Qxh6 Rxe6 37. Qxe6 Qxe6 38. fxe6 Bxc2 39. e7 Bg6 40. Bg3 e4 41. Bc7 Be8 42. Bxa5 c5 43. Bb6 Bxa4 44. b3 c4 45. bxa4 1-0

[Event "Bolton Easter op"]
[Site "Bolton"]
[Date "2015.04.05"]
[Round "4"]
[White "Gardiner, Eric D"]
[Black "Fernandez Lago, David"]
[Result "0-1"]
[WhiteElo "1949"]
[BlackElo "2011"]
[PlyCount "46"]
[EventDate "2015.04.03"]
[EventType "swiss"]
[EventRounds "5"]
[EventCountry "ENG"]
[SourceTitle "CBM 165 Extra"]
[Source "ChessBase"]
[SourceDate "2015.04.21"]
[SourceVersion "1"]
[SourceVersionDate "2015.04.21"]
[SourceQuality "1"]

1. d4 d6 2. e4 Nf6 3. Nc3 Nbd7 4. f4 e5 5. Nf3 exd4 6. Qxd4 c6 7. Bc4 d5 8. exd5 Bc5 9. Qd3 0-0 10. dxc6 bxc6 11. Ne5 Qe7 12. Qe2 Nxe5 13. Qxe5 Re8 14. Qxe7 Rxe7+ 15. Kf1 Bf5 16. Bd3 Bxd3+ 17. cxd3 Rd8 18. Bd2 Rxd3 19. Be1 Ng4 20. h3 Ne3+ 21. Ke2 Rd6 22. Kf3 Nc2 23. Rd1 Rxd1 0-1

[Event "Linares FEDC-ch 24th"]
[Site "Linares"]
[Date "2014.11.18"]
[Round "3"]
[White "Draghici Flutur, Gavril"]
[Black "Fernandez Lago, David"]
[Result "1/2-1/2"]
[WhiteElo "2164"]
[BlackElo "2000"]
[PlyCount "59"]
[EventDate "2014.11.16"]
[EventType "swiss"]
[EventRounds "8"]
[EventCountry "ESP"]
[SourceTitle "CBM 163 Extra"]
[Source "ChessBase"]
[SourceDate "2014.12.23"]
[SourceVersion "1"]
[SourceVersionDate "2014.12.23"]
[SourceQuality "1"]

1. e4 c5 2. Nf3 d6 3. d4 cxd4 4. Qxd4 Nc6 5. Bb5 Bd7 6. Qd3 Nf6 7. Bg5 e6 8. Nc3 a6 9. Bxc6 Bxc6 10. Nd4 Bd7 11. f4 Be7 12. 0-0-0 h6 13. Bh4 b5 14. e5 dxe5 15. fxe5 Ng4 16. Bxe7 Qxe7 17. Qe4 Qg5+ 18. Kb1 Rd8 19. Nf3 Qg6 20. Qd4 h5 21. h3 Nh6 22. g4 0-0 23. Ne4 Bc6 24. Qxd8 Qxe4 25. Qc7 Qxf3 26. Rhf1 Qg2 27. Rg1 Qe4 28. Rge1 Qg2 29. Rg1 Qe4 30. Rge1 1/2-1/2

[Event "Valladolid Once-ch 23rd"]
[Site "Valladolid"]
[Date "2012.11.23"]
[Round "6"]
[White "Clemente Llamero, Roberto"]
[Black "Fernandez Lago, David"]
[Result "1-0"]
[WhiteElo "2128"]
[BlackElo "1929"]
[PlyCount "103"]
[EventDate "2012.11.18"]
[EventType "swiss"]
[EventRounds "8"]
[EventCountry "ESP"]
[SourceTitle "CBM 151 Extra"]
[Source "ChessBase"]
[SourceDate "2012.12.18"]
[SourceVersion "1"]
[SourceVersionDate "2012.12.18"]
[SourceQuality "1"]

1. e4 e6 2. d3 d5 3. Nd2 c5 4. g3 Nc6 5. Bg2 g6 6. Ngf3 Bg7 7. 0-0 Nge7 8. Re1 b6 9. a4 a5 10. c3 Ra7 11. exd5 exd5 12. Nb3 Bg4 13. h3 Bxf3 14. Qxf3 0-0 15. Bf4 d4 16. c4 Nb4 17. Re4 Qd7 18. Qd1 h6 19. h4 Nec6 20. Nc1 Re8 21. b3 f5 22. Rxe8+ Qxe8 23. Na2 Re7 24. Nxb4 Nxb4 25. Bf3 Na2 26. Qd2 Nb4 27. Bxh6 Nxd3 28. Qxd3 Re1+ 29. Rxe1 Qxe1+ 30. Kg2 Bxh6 31. h5 Qd2 32. Qxd2 Bxd2 33. hxg6 Kg7 34. Be2 Kxg6 35. Bd3 Kf6 36. Kf3 Bh6 37. Kg2 Bd2 38. f4 Bc1 39. Kf3 Be3 40. g4 fxg4+ 41. Kxg4 Bd2 42. Kf3 Be3 43. Ke4 Ke6 44. Bf1 Bf2 45. Bh3+ Kf7 46. Bg4 Bh4 47. Be2 Bf6 48. Kd5 Bh4 49. Kc6 Bd8 50. Kd7 Bh4 51. Bd3 Bf6 52. Kc7 1-0

[Event "Valladolid Once-ch 23rd"]
[Site "Valladolid"]
[Date "2012.11.22"]
[Round "5"]
[White "Fernandez Manrique, Agustin"]
[Black "Fernandez Lago, David"]
[Result "0-1"]
[WhiteElo "2189"]
[BlackElo "1929"]
[PlyCount "108"]
[EventDate "2012.11.18"]
[EventType "swiss"]
[EventRounds "8"]
[EventCountry "ESP"]
[SourceTitle "CBM 151 Extra"]
[Source "ChessBase"]
[SourceDate "2012.12.18"]
[SourceVersion "1"]
[SourceVersionDate "2012.12.18"]
[SourceQuality "1"]

1. c4 e5 2. Nc3 Nc6 3. g3 g6 4. Bg2 Bg7 5. Nf3 d6 6. d3 Nge7 7. 0-0 h6 8. Rb1 Be6 9. Qb3 Qd7 10. Nd5 Nd8 11. Nxe7 Qxe7 12. Be3 c6 13. Qd1 d5 14. cxd5 Bxd5 15. b3 Ne6 16. Re1 Rd8 17. Nd2 f5 18. Qc2 0-0 19. Bxa7 Ra8 20. e4 Bxe4 21. dxe4 Rxa7 22. a4 f4 23. Nf3 g5 24. Nd2 g4 25. gxf4 Rxf4 26. Nf1 Kh8 27. Rbd1 Ng5 28. Ng3 Nf3+ 29. Bxf3 gxf3 30. Qd3 Ra8 31. Qd7 Qh4 32. Re3 Raf8 33. Kh1 Rg4 34. Qd3 Rgf4 35. Qd7 Qg5 36. Qxb7 h5 37. Qd7 Rg4 38. Nf5 Qf4 39. Qe7 Rg2 40. Qh4 Rxf5 41. Qxf4 Rxf4 42. Rxf3 Rxh2+ 43. Kxh2 Rxf3 44. Kg2 Rxb3 45. Rc1 Rb6 46. Rh1 Kg8 47. Rxh5 Ra6 48. Rh1 Rxa4 49. Kf3 Ra3+ 50. Kg4 Rc3 51. Kf5 Rf3+ 52. Ke6 Rf4 53. Kd6 Rxe4 54. Kxc6 Rd4 0-1

[Event "Valladolid Once-ch 23rd"]
[Site "Valladolid"]
[Date "2012.11.20"]
[Round "3"]
[White "Fernandez Lago, David"]
[Black "Palacios Perez, Manuel"]
[Result "1-0"]
[WhiteElo "1929"]
[BlackElo "2152"]
[PlyCount "75"]
[EventDate "2012.11.18"]
[EventType "swiss"]
[EventRounds "8"]
[EventCountry "ESP"]
[SourceTitle "CBM 151 Extra"]
[Source "ChessBase"]
[SourceDate "2012.12.18"]
[SourceVersion "1"]
[SourceVersionDate "2012.12.18"]
[SourceQuality "1"]

1. e4 e6 2. d4 d5 3. Nc3 Bb4 4. exd5 exd5 5. Bd3 Nc6 6. a3 Bxc3+ 7. bxc3 Qf6 8. Ne2 Nge7 9. 0-0 Bg4 10. Rb1 b6 11. f3 Bf5 12. Ng3 Bxd3 13. Qxd3 Qg6 14. f4 Qxd3 15. cxd3 h5 16. f5 Ng8 17. f6 Nxf6 18. Nf5 Kf8 19. Bg5 Ng4 20. Rb5 g6 21. Nh4 Ne7 22. h3 c6 23. Rbb1 Nh6 24. Rbe1 Nhf5 25. Nxg6+ Nxg6 26. Rxf5 Rh7 27. Re6 Kg8 28. Rxc6 Re8 29. Rxd5 Kg7 30. Rd7 Nf8 31. Rxa7 Ne6 32. Bh4 Nf4 33. Rf6 Ne2+ 34. Kh2 Kg8 35. Rc7 Nc1 36. d5 Nxd3 37. d6 Nc5 38. d7 1-0

[Event "Valladolid Once-ch 23rd"]
[Site "Valladolid"]
[Date "2012.11.18"]
[Round "1"]
[White "Fernandez Lago, David"]
[Black "Garcia Cruz, Francisco"]
[Result "1-0"]
[WhiteElo "1929"]
[BlackElo "1595"]
[PlyCount "69"]
[EventDate "2012.11.18"]
[EventType "swiss"]
[EventRounds "8"]
[EventCountry "ESP"]
[SourceTitle "CBM 151 Extra"]
[Source "ChessBase"]
[SourceDate "2012.12.18"]
[SourceVersion "1"]
[SourceVersionDate "2012.12.18"]
[SourceQuality "1"]

1. d4 d5 2. c4 c6 3. Nc3 Nf6 4. e3 g6 5. Nf3 Bg7 6. Be2 0-0 7. 0-0 Nbd7 8. cxd5 cxd5 9. Qb3 Nb6 10. Ne5 e6 11. a4 Nbd7 12. Nxd7 Nxd7 13. Nb5 a6 14. Nd6 Qb6 15. Qxb6 Nxb6 16. a5 Nd7 17. Ra3 e5 18. dxe5 Bxe5 19. Nxc8 Raxc8 20. Rd3 Nf6 21. f4 Bb8 22. Bd2 Rfd8 23. Bc3 Ne4 24. Bd4 Rc2 25. Bd1 Rd2 26. Rxd2 Nxd2 27. Rf2 Ne4 28. Rc2 Bd6 29. Bf3 f5 30. g4 Bb4 31. Rc7 Bxa5 32. Rg7+ Kf8 33. gxf5 gxf5 34. Rxb7 Nd2 35. Bh5 1-0

[Event "Collado Villalba op-B 29th"]
[Site "Collado Villalba"]
[Date "2012.08.29"]
[Round "6"]
[White "Palenciano Escolar, Adrian"]
[Black "Fernandez Lago, David"]
[Result "1/2-1/2"]
[WhiteElo "1640"]
[BlackElo "1976"]
[PlyCount "82"]
[EventDate "2012.08.24"]
[EventType "swiss"]
[EventRounds "9"]
[EventCountry "ESP"]
[SourceTitle "CBM 150 Extra"]
[Source "ChessBase"]
[SourceDate "2012.10.19"]
[SourceVersion "1"]
[SourceVersionDate "2012.10.19"]
[SourceQuality "1"]

1. e4 c5 2. Nf3 Nc6 3. d4 cxd4 4. Nxd4 Nf6 5. Nc3 e6 6. Be3 Bb4 7. f3 d5 8. Bb5 Qc7 9. 0-0 Bxc3 10. bxc3 0-0 11. Bd3 e5 12. Nb5 Qd8 13. exd5 Nxd5 14. Bc5 Re8 15. Be4 Qa5 16. Qxd5 Qxb5 17. Bf2 Qxd5 18. Bxd5 Bf5 19. Rab1 Rad8 20. Bb3 Rd2 21. Be3 Re2 22. Rbe1 Rxe1 23. Rxe1 Rd8 24. Kf2 b6 25. Bg5 Rd6 26. g4 Be6 27. Ke2 f6 28. Be3 Kf7 29. Rd1 Ke7 30. Rxd6 Kxd6 31. Kd3 Bc8 32. h4 Ba6+ 33. Kd2 Na5 34. Ke1 Nc4 35. Bc1 Bb5 36. Kf2 a5 37. a4 Ba6 38. h5 Kc5 39. h6 g5 40. Be3+ Kc6 41. Ke2 b5 1/2-1/2

[Event "Collado Villalba op-B 29th"]
[Site "Collado Villalba"]
[Date "2012.08.28"]
[Round "5"]
[White "Rodriguez Gilbaja, Jose Albert"]
[Black "Fernandez Lago, David"]
[Result "0-1"]
[WhiteElo "1716"]
[BlackElo "1976"]
[PlyCount "68"]
[EventDate "2012.08.24"]
[EventType "swiss"]
[EventRounds "9"]
[EventCountry "ESP"]
[SourceTitle "CBM 150 Extra"]
[Source "ChessBase"]
[SourceDate "2012.10.19"]
[SourceVersion "1"]
[SourceVersionDate "2012.10.19"]
[SourceQuality "1"]

1. e4 c5 2. c4 Nc6 3. Nf3 e5 4. d3 g6 5. Nc3 Bg7 6. Be2 Nge7 7. 0-0 0-0 8. h3 d6 9. a3 f5 10. Rb1 f4 11. b4 Bf6 12. Nd5 Nxd5 13. cxd5 Nd4 14. Nxd4 cxd4 15. a4 h5 16. Ba3 Rf7 17. b5 Be7 18. Kh2 Qf8 19. Rc1 Bd7 20. Rc7 Bd8 21. Rc1 Rf6 22. Bb4 Qh6 23. g4 f3 24. Bxf3 Rxf3 25. Qxf3 hxg4 26. Qg3 Bg5 27. f4 exf4 28. Qg2 f3 29. Rxf3 gxf3 30. Qxf3 Rf8 31. Qg2 Bf4+ 32. Kg1 Be3+ 33. Kh1 Bxh3 34. Qh2 Bg2+ 0-1

[Event "Collado Villalba op-B 29th"]
[Site "Collado Villalba"]
[Date "2012.08.26"]
[Round "3"]
[White "Montoya Gandia, Manuel"]
[Black "Fernandez Lago, David"]
[Result "1-0"]
[WhiteElo "1690"]
[BlackElo "1976"]
[PlyCount "81"]
[EventDate "2012.08.24"]
[EventType "swiss"]
[EventRounds "9"]
[EventCountry "ESP"]
[SourceTitle "CBM 150 Extra"]
[Source "ChessBase"]
[SourceDate "2012.10.19"]
[SourceVersion "1"]
[SourceVersionDate "2012.10.19"]
[SourceQuality "1"]

1. d4 Nf6 2. Nf3 c5 3. d5 e6 4. c4 b5 5. e3 Bb7 6. dxe6 fxe6 7. cxb5 d5 8. b3 Bd6 9. Bb2 0-0 10. Nbd2 Qe7 11. Ne5 Nfd7 12. Ndf3 Nxe5 13. Bxe5 Bxe5 14. Nxe5 Qf6 15. f4 d4 16. Ng4 Qf5 17. Bd3 Be4 18. Bxe4 Qxe4 19. 0-0 dxe3 20. Qf3 Qxf3 21. Rxf3 Nd7 22. Re1 Nf6 23. Nxf6+ Rxf6 24. Rexe3 Rd8 25. Re2 Rd4 26. g3 Rb4 27. a4 g5 28. Re5 gxf4 29. Rxc5 Rg6 30. Rc4 Rxc4 31. bxc4 e5 32. Kf2 Rh6 33. h4 fxg3+ 34. Kxg3 e4 35. Re3 Re6 36. Kf4 Rh6 37. Kg5 Re6 38. h5 Re5+ 39. Kf6 Rxh5 40. Rxe4 Rc5 41. Re8# 1-0

[Event "ESP-ch blind 22nd"]
[Site "Benidorm"]
[Date "2010.11.17"]
[Round "4"]
[White "Fernandez Lago, David"]
[Black "Lago Carballo, Carmen"]
[Result "1-0"]
[WhiteElo "2008"]
[BlackElo "1416"]
[PlyCount "65"]
[EventDate "2010.11.14"]
[EventType "swiss"]
[EventRounds "8"]
[EventCountry "ESP"]
[SourceTitle "CBM 139 Extra"]
[Source "ChessBase"]
[SourceDate "2011.01.05"]
[SourceVersion "1"]
[SourceVersionDate "2011.01.05"]
[SourceQuality "1"]

1. Nf3 d5 2. d4 Nf6 3. g3 Bf5 4. Bg2 c6 5. 0-0 e6 6. b3 Be7 7. Bb2 Nbd7 8. Nbd2 Ne4 9. c4 Nxd2 10. Nxd2 Nf6 11. f3 Bg6 12. e4 dxe4 13. fxe4 0-0 14. e5 Nh5 15. g4 Bd3 16. gxh5 Bxf1 17. Nxf1 f6 18. Qg4 f5 19. Qf3 Rf7 20. Ng3 Ba3 21. Bc3 Bb4 22. Ne2 Bxc3 23. Qxc3 Qg5 24. Rf1 Qxh5 25. Nf4 Qg4 26. Nxe6 Re8 27. Nf4 g5 28. Nh3 f4 29. Nf2 Qf5 30. Be4 Qe6 31. Qh3 Qe7 32. Ng4 Ref8 33. Nh6+ 1-0